00300nam a2200121 a 4500008004100000020001500041050001800056100001900074245002400093260003600117300001600153350000900169120416s0000 ||||||||||||||||| || u a0851200087 aHV 685.G7 Moe aMoeran, Edward10aPractical legal aid aLondonbOyez Publicationsc1969 axxii, 330p. a0.00